00726nai a2200181Ia 4500003000900000008004100009022002200050022002300072040001600095245005400111260008600165310001200251362002700263521006900290650005100359650004600410856008800456IN-BaIIA211028c9999 xx s 000 0 eng d a0018-9383 (Print) a1557-9646 (Online) cIIA Library 0aIEEE Transactions on Electron Devicesh[eJournal] aNew York, USAbThe Institute of Electrical and Electronics Engineers, Inc. (IEEE) aMonthly a10(1); 1963 - Present  bSubscribed through National Knowledge Resource Consortium (NKRC) a Engineered Materials, Dielectrics and Plasmas aComponents, Circuits, Devices and Systems uhttps://ieeexplore.ieee.org/servlet/opac?punumber=16yClick Here to Access eJournal